| 000 | 00674 a2200181 4500 | ||
|---|---|---|---|
| 999 |
_c10445 _d10445 |
||
| 020 | _a9780323530422 | ||
| 050 | _aRC48. FER 2019 | ||
| 100 |
_a Ferri, Fred F. _eauthor |
||
| 245 |
_aFerri's clinical advisor 2019 / _cFred F Ferri |
||
| 264 |
_aPhiladelphia, PA : _bElsevier, _c |
||
| 300 | _alii, 2068 pages : illustrations (some color) ; 28 cm | ||
| 440 | _aFerri's medical solutions | ||
| 500 | _aRevised edition of: Ferri's clinical advisor 2018 / Fred F. Ferri. Includes index | ||
| 650 |
_aClinical medicine _x Handbooks, manuals |
||
| 650 | _aClinical Medicine. | ||
| 650 |
_aPrimary care (Medicine) _x Handbooks, manuals |
||
| 942 |
_2lcc _cBK _h48 _iFER _kRC |
||